Pays ne contenant pas de A - Statistiques

Statistiques générales
  • Ce quiz a été pris 3 067 fois
    3 052 depuis la dernière actualisation
  • Le résultat moyen est 41 sur 59
Statistiques - réponses
Continent Pays % Correct
Russie
91%
Suède
90%
Chine
87%
Europe Belgique
86%
Norvège
86%
Suisse
83%
Inde
81%
Grèce
80%
Brésil
79%
Chili
79%
Estonie
79%
Lettonie
79%
Egypte
78%
Kosovo
78%
Pologne
78%
Biélorussie
77%
Hongrie
77%
Tunisie
77%
Luxembourg
76%
Corée du Sud
75%
Mexique
75%
Slovénie
75%
Corée du Nord
74%
Serbie
74%
Libye
73%
Océanie Fidji
70%
Indonésie
70%
Pérou
70%
Turquie
70%
Yémen
70%
Chypre
69%
Togo
69%
Colombie
67%
Bosnie-Herzégovine
65%
Monténégro
65%
Syrie
65%
Afrique Bénin
64%
Bolivie
64%
Erythrée
63%
Guinée
63%
République tchèque
63%
Ethiopie
62%
Liechtenstein
62%
RDCongo
62%
Amériques Belize
61%
Djibouti
61%
Koweït
61%
Mongolie
61%
Lesotho
59%
Niger
59%
Géorgie
57%
Burundi
56%
Seychelles
56%
Asie Brunei
54%
Comores
54%
Côte d'Ivoire
52%
Philippines
52%
Micronésie
50%
Dominique
44%
Aucun quiz correspondant
Distribution des résultats
% des personnes avec chaque résultat
Percentile par nombre de réponses
Votre historique - résultats
Vous n’avez pas pris ce quiz depuis la dernière actualisation